Detalles MARC
| 000 -LEADER |
| fixed length control field |
01141cam a2200349 a 4500 |
| 001 - CONTROL NUMBER |
| control field |
000020118 |
| 003 - CONTROL NUMBER IDENTIFIER |
| control field |
DO-SdBNP |
| 005 - DATE AND TIME OF LATEST TRANSACTION |
| control field |
20150225145029.0 |
| 007 - PHYSICAL DESCRIPTION FIXED FIELD--GENERAL INFORMATION |
| fixed length control field |
000020118 |
| 008 - FIXED-LENGTH DATA ELEMENTS--GENERAL INFORMATION |
| fixed length control field |
700702s2000 dr 000 f spa d |
| 020 ## - INTERNATIONAL STANDARD BOOK NUMBER |
| International Standard Book Number |
8481301310 |
| 040 ## - CATALOGING SOURCE |
| Original cataloging agency |
BPMET |
| Transcribing agency |
spa |
| Modifying agency |
BPMET |
| 041 17 - LANGUAGE CODE |
| Language code of text/sound track or separate title |
spa |
| Source of code |
Código de idioma MARC |
| 092 ## - LOCALLY ASSIGNED DEWEY CALL NUMBER (OCLC) |
| Classification number |
891.73 |
| Item number |
D724j |
| 100 1# - MAIN ENTRY--PERSONAL NAME |
| Personal name |
Dostoyevsky, Fyódor, |
| Dates associated with a name |
1821-1881 |
| 240 10 - UNIFORM TITLE |
| Uniform title |
<a href="Igrok.">Igrok.</a> |
| Language of a work |
Español |
| 245 13 - TITLE STATEMENT |
| Title |
El jugador / |
| Statement of responsibility, etc. |
Fiódor Dostoievski ; traducción de Victoriano Imbert.; prólogo |
| 260 ## - PUBLICATION, DISTRIBUTION, ETC. (IMPRINT) |
| Place of publication, distribution, etc. |
Madrid : |
| Name of publisher, distributor, etc. |
Millenium, |
| Date of publication, distribution, etc. |
1999 |
| 300 ## - PHYSICAL DESCRIPTION |
| Extent |
200 p. ; |
| Dimensions |
19 cm. |
| 490 1# - SERIES STATEMENT |
| Series statement |
Joyas del milenio |
| Volume/sequential designation |
2 |
| 534 ## - ORIGINAL VERSION NOTE |
| Main entry of original |
Título original: Igrok |
| Publication, distribution, etc. of original |
Barcelona : Bibliotex, 2000. |
| 650 #4 - SUBJECT ADDED ENTRY--TOPICAL TERM |
| Topical term or geographic name as entry element |
NOVELA RUSA |
| 650 #4 - SUBJECT ADDED ENTRY--TOPICAL TERM |
| Topical term or geographic name as entry element |
LITERATURA RUSA |
| 700 1# - ADDED ENTRY--PERSONAL NAME |
| Personal name |
Imbert, Victoriano, |
| Relator term |
tr. |
| 830 #0 - SERIES ADDED ENTRY--UNIFORM TITLE |
| Uniform title |
Joyas del milenio ; |
| Volume number/sequential designation |
2 |
| 930 #1 - EQUIVALENCE OR CROSS-REFERENCE-UNIFORM TITLE HEADING [LOCAL, CANADA] |
| Language of a work |
BND01 |
| Medium of performance for music |
LF1 |
| Medium |
891.73 |
| Field link and sequence number |
20100721 |
| Date of a work |
04 |
| Name of part/section of a work |
HD |
| Medium |
e. 3 |
| 930 #1 - EQUIVALENCE OR CROSS-REFERENCE-UNIFORM TITLE HEADING [LOCAL, CANADA] |
| Language of a work |
BND01 |
| Medium of performance for music |
LF1 |
| Medium |
891.73 |
| Field link and sequence number |
20100721 |
| Date of a work |
04 |
| Name of part/section of a work |
HD |
| Medium |
e. 4 |
| 930 #1 - EQUIVALENCE OR CROSS-REFERENCE-UNIFORM TITLE HEADING [LOCAL, CANADA] |
| Language of a work |
BND01 |
| Medium of performance for music |
LF1 |
| Medium |
891.73 |
| Field link and sequence number |
20100721 |
| Date of a work |
01 |
| Name of part/section of a work |
HD |
| Medium |
e. 2 |
| 942 ## - ADDED ENTRY ELEMENTS (KOHA) |
| Source of classification or shelving scheme |
Dewey Decimal Classification |
| Koha item type |
Libros |
| 956 ## - LOCAL ELECTRONIC LOCATION AND ACCESS (OCLC) |
| Host name |
NBATISTA |
| Access number |
10 |
| Compression information |
20100721 |
| Logon |
BND01 |
| Processor of request |
2037 |
| 956 ## - LOCAL ELECTRONIC LOCATION AND ACCESS (OCLC) |
| Host name |
VMATEO |
| Access number |
10 |
| Compression information |
20150225 |
| Logon |
BND01 |
| Processor of request |
00151 |